| 000 | 00402nam a2200133Ia 4500 | ||
|---|---|---|---|
| 008 | 220216s9999 xx 000 0 und d | ||
| 100 | _aMedalia A I | ||
| 245 | 0 | _aEffect of carbon black on dynamic properties of rubber vulcanizates (1978 reviews) | |
| 260 |
_bRubber Chemistry and Technology _c1978 |
||
| 650 | _a1978 reviews | ||
| 650 | _aCarbon black | ||
| 650 | _aRubber vulcanizates | ||
| 942 | _cJS | ||
| 999 |
_c57732 _d57732 |
||